[Event "Knighthood Blitz"]
[Site "Vishy Anand Arena"]
[Date "2020.08.01"]
[Round "5"]
[White "Toosieslide"]
[Black "Perseus226"]
[Result "1-0"]
[WhiteElo "1977"]
[BlackElo "1898"]
[Annotator "NA"]
[PlyCount "81"]
[EventDate "2020.08.01"]
[EventType "swiss (blitz)"]

1. d4 d5 2. c4 c6 3. Nc3 Nf6 4. Nf3 dxc4 5. a4 Bf5 6. Ne5 e6 7. Nxc4 Be7 8. f3 O-O 9. e4 Bg6 10. Be3 Nbd7 11. Be2 c5 12. d5 exd5 13. exd5 Nb6 14. Nxb6 Qxb6 15. Qd2 Rad8 16. O-O Rfe8 17. Bb5 Rf8 18. a5 Qc7 19. Bc4 a6 20. Rfe1 Bd6 21. g3 Rfe8 22. Bf2 Nd7 23. f4 f5 24. Re6 Nf6 25. Rae1 Ne4 26. Nxe4 fxe4 27. Qc3 Rxe6 28. dxe6 Qe7 29. Rd1 Bf5 30. Qe3 h5 31. Rd2 Re8 32. Rd1 Bxe6 33. Qxe4 Bxc4 34. Qxc4+ Kh8 35. Qd5 Bc7 36. Qxh5+ Kg8 37. Qd5+ Kh8 38. Bxc5 Qe2 39. Bf2 Qxd1+ 40. Qxd1 Bxa5 41. Qh5+ 1-0

[Event "Knighthood Blitz"]
[Site "Vishy Anand Arena"]
[Date "2020.08.01"]
[Round "5"]
[White "DarkKnight8750"]
[Black "F Manish Anto Cristiano"]
[Result "1-0"]
[WhiteElo "1975"]
[BlackElo "1757"]
[Annotator "NA"]
[PlyCount "83"]
[EventDate "2020.08.01"]
[EventType "swiss (blitz)"]

1. e4 c5 2. Nc3 Nc6 3. Bc4 e6 4. f4 a6 5. d3 d6 6. Nf3 Nf6 7. O-O Be7 8. Qe1 d5 9. Bb3 O-O 10. Ne5 Na5 11. g4 Qb6 12. Kh1 dxe4 13. Nxe4 Nxe4 14. Qxe4 Qc7 15. f5 b5 16. Kg1 Bb7 17. Qe2 c4 18. dxc4 Bc5+ 19. Rf2 bxc4 20. Ba4 exf5 21. Bf4 Qb6 22. Bg3 fxg4 23. Qxg4 Bxf2+ 24. Bxf2 Qxb2 25. Re1 Rad8 26. Nd7 Qa3 27. Bd4 f6 28. Bxf6 Rxf6 29. Nxf6+ Kh8 30. Qf5 g6 31. Qe5 Qd6 32. Qe7 Qd4+ 33. Re3 Qd1+ 34. Re1 Qd4+ 35. Re3 Qd1+ 36. Kf2 Rd2+ 37. Kg3 Rg2+ 38. Kh3 Rxh2+ 39. Kxh2 Qh1+ 40. Kg3 Qg2+ 41. Kf4 g5+ 42. Ke5 1-0

[Event "Knighthood Blitz"]
[Site "Vishy Anand Arena"]
[Date "2020.08.01"]
[Round "5"]
[White "Suvrajit Saha"]
[Black "Priyanka Nutakki"]
[Result "1-0"]
[WhiteElo "1959"]
[BlackElo "2184"]
[PlyCount "115"]
[EventDate "2020.08.01"]
[EventType "swiss (blitz)"]

1. d4 d5 2. Nf3 Nf6 3. Bf4 e6 4. e3 Bd6 5. Bg3 O-O 6. Nbd2 c5 7. c3 Qc7 8. Bd3 Nbd7 9. e4 dxe4 10. Nxe4 Nxe4 11. Bxe4 e5 12. dxe5 Nxe5 13. Nxe5 Bxe5 14. Qh5 f5 15. Bd5+ Kh8 16. O-O-O f4 17. Bh4 Bf5 18. Rhe1 Bd6 19. Be4 Bxe4 20. Rxe4 f3 21. g3 Qc6 22. Qd5 Qxd5 23. Rxd5 Bc7 24. Rd7 Bd8 25. Bxd8 Raxd8 26. Rxb7 Rfe8 27. Rxe8+ Rxe8 28. Rxa7 Kg8 29. Rd7 Re1+ 30. Rd1 Re2 31. Rd2 Re1+ 32. Kc2 Rh1 33. h4 Kf7 34. a4 c4 35. b4 Ra1 36. a5 Ke6 37. Kb2 Re1 38. b5 Re2 39. Kc1 Re5 40. Rb2 Re1+ 41. Kc2 Re2+ 42. Kb1 Re1+ 43. Ka2 Re5 44. a6 Kd7 45. a7 Re8 46. b6 Ra8 47. Ka3 Kc6 48. Ka4 Kb7 49. Ka5 Rc8 50. Rd2 Rc5+ 51. Kb4 Rc8 52. Rd6 Re8 53. Rd7+ Kxb6 54. Kxc4 Rc8+ 55. Kd3 Ra8 56. Kd4 g6 57. c4 Rc8 58. c5+ 1-0

[Event "Knighthood Blitz"]
[Site "Vishy Anand Arena"]
[Date "2020.08.01"]
[Round "5"]
[White "Kadamomm"]
[Black "Rahulraj"]
[Result "1-0"]
[WhiteElo "1946"]
[BlackElo "1801"]
[PlyCount "99"]
[EventDate "2020.08.01"]
[EventType "swiss (blitz)"]

1. e4 c6 2. c4 d5 3. exd5 cxd5 4. cxd5 Qxd5 5. Nc3 Qd8 6. Nf3 Nf6 7. d4 e6 8. Bd3 Bd6 9. O-O a6 10. Bg5 h6 11. Bh4 Nbd7 12. Re1 b5 13. Rc1 Bb7 14. Ne4 Be7 15. Bg3 Nxe4 16. Bxe4 Bxe4 17. Rxe4 Nf6 18. Re1 Bd6 19. Ne5 O-O 20. Qf3 Bxe5 21. Bxe5 Nd5 22. Qg4 Qg5 23. Qxg5 hxg5 24. a3 Rfe8 25. Rc6 Rec8 26. Rec1 Rxc6 27. Rxc6 Nf4 28. Bxf4 gxf4 29. Rd6 g5 30. f3 Kg7 31. Kf2 Kf6 32. Ke2 Ke7 33. Rb6 Rc8 34. Kd3 Rc1 35. Rxa6 Rg1 36. Rb6 Rxg2 37. Rxb5 Rxh2 38. a4 Rh3 39. a5 Rxf3+ 40. Ke2 Rh3 41. a6 Rh8 42. Rb7+ Kf6 43. b4 g4 44. a7 f3+ 45. Kf2 Kg5 46. Rb8 Rh2+ 47. Kg1 f2+ 48. Kf1 g3 49. Rg8+ Kf4 50. Rxg3 1-0

[Event "Knighthood Blitz"]
[Site "Vishy Anand Arena"]
[Date "2020.08.01"]
[Round "5"]
[White "Tapa1964"]
[Black "Sairam Ramabadra"]
[Result "1-0"]
[WhiteElo "1945"]
[BlackElo "1713"]
[Annotator "NA"]
[PlyCount "129"]
[EventDate "2020.08.01"]
[EventType "swiss (blitz)"]

1. e4 e5 2. Nf3 Nf6 3. Nxe5 d6 4. Nf3 Nxe4 5. Nc3 Nxc3 6. dxc3 Be7 7. Be2 O-O 8. O-O Nc6 9. Be3 Be6 10. Bd3 Qd7 11. Nd4 Nxd4 12. cxd4 c5 13. d5 Bf5 14. Re1 Bf6 15. c3 b5 16. Be2 Rfe8 17. Bf3 a5 18. a4 b4 19. cxb4 axb4 20. Re2 c4 21. a5 Bd3 22. Rd2 Qb5 23. Bb6 Bf5 24. Be2 Bg5 25. Rd4 Bf6 26. Bxc4 Qd7 27. Rf4 Bxb2 28. Rxf5 Qxf5 29. Rb1 Bc3 30. a6 Qxb1 31. Qxb1 Re1+ 32. Qxe1 Bxe1 33. Kf1 Bc3 34. Ke2 Kf8 35. a7 Ke7 36. Bb5 b3 37. Kd3 b2 38. Kc2 Bb4 39. Bc6 Rc8 40. a8=Q Rxa8 41. Bxa8 Bc5 42. Bxc5 dxc5 43. Kxb2 Kd6 44. Kc3 f5 45. Kc4 g5 46. Bc6 h5 47. Ba4 g4 48. Bc2 f4 49. g3 fxg3 50. fxg3 Ke5 51. Bg6 h4 52. gxh4 Kf4 53. h5 Kf3 54. h6 Kg2 55. Bf5 Kxh2 56. Bxg4 Kg3 57. h7 Kxg4 58. h8=Q Kf5 59. Kxc5 Ke4 60. d6 Kd3 61. d7 Kc2 62. d8=Q Kc1 63. Qdh4 Kc2 64. Qf2+ Kc1 65. Qa1# 1-0

[Event "Knighthood Blitz"]
[Site "Vishy Anand Arena"]
[Date "2020.08.01"]
[Round "5"]
[White "kngopal"]
[Black "duvvaabbulu"]
[Result "1-0"]
[WhiteElo "1941"]
[BlackElo "1619"]
[PlyCount "77"]
[EventDate "2020.08.01"]
[EventType "swiss (blitz)"]

1. e4 d6 2. d4 Nf6 3. Bd3 Nbd7 4. f3 e5 5. d5 c6 6. c4 Qc7 7. Nc3 Be7 8. Nge2 Nc5 9. Bc2 a5 10. Be3 O-O 11. Qd2 Re8 12. O-O-O cxd5 13. exd5 a4 14. Nb5 Qd8 15. Bxc5 dxc5 16. d6 Bf8 17. Nc7 Bd7 18. Nxe8 Nxe8 19. Qd3 g6 20. Nc3 a3 21. b3 Ra6 22. Ne4 Nxd6 23. Nxc5 Bf5 24. Qe2 Rc6 25. Nxb7 Qf6 26. Nxd6 Rxd6 27. Rxd6 Qxd6 28. Bxf5 gxf5 29. Rd1 Qf6 30. Qd3 h6 31. Qd8 Qg6 32. Rd2 Kg7 33. Qd5 Qf6 34. Kd1 Bb4 35. Re2 e4 36. Rc2 Qa1+ 37. Rc1 Qxa2 38. Qe5+ Kg8 39. Qb8+ 1-0

[Event "Knighthood Blitz"]
[Site "Vishy Anand Arena"]
[Date "2020.08.01"]
[Round "5"]
[White "Gaurav306"]
[Black "Varun_nair"]
[Result "1-0"]
[WhiteElo "1924"]
[BlackElo "1672"]
[Annotator "NA"]
[PlyCount "119"]
[EventDate "2020.08.01"]
[EventType "swiss (blitz)"]

1. e4 e5 2. Nf3 Nc6 3. Bb5 a6 4. Ba4 g6 5. O-O Nge7 6. c3 d6 7. d4 Bd7 8. Bb3 h6 9. Nbd2 exd4 10. cxd4 Bg7 11. Nc4 Bg4 12. Be3 d5 13. exd5 Nxd5 14. h3 Be6 15. Qd2 Nxe3 16. fxe3 b5 17. Na5 Nxa5 18. Qxa5 Bxb3 19. axb3 Qe7 20. Qc3 O-O 21. Rfe1 c5 22. Qxc5 Qxc5 23. dxc5 Bxb2 24. Ra2 Bc3 25. Rc1 b4 26. Nd4 Rfc8 27. c6 Rc7 28. Ra5 Bd2 29. Rc4 Bxe3+ 30. Kf1 Bxd4 31. Rxd4 Rxc6 32. Rxb4 Rd8 33. Rb7 Rd2 34. Re5 Rc1+ 35. Re1 Rxe1+ 36. Kxe1 Rxg2 37. Ra7 Rg3 38. Rxa6 Rxb3 39. Kf1 Rxh3 40. Kg2 Kg7 41. Kxh3 h5 42. Kh4 Kh6 43. Rf6 Kg7 44. Kg5 Kf8 45. Rf1 Kg7 46. Re1 f6+ 47. Kh4 Kh6 48. Ra1 f5 49. Kh3 Kg5 50. Ra8 h4 51. Ra4 f4 52. Ra5+ Kf6 53. Kxh4 Ke6 54. Kg4 f3 55. Kxf3 g5 56. Kg4 Kd6 57. Rxg5 Ke6 58. Kf4 Kd7 59. Ke4 Kc6 60. Rg6+ 1-0

[Event "Knighthood Blitz"]
[Site "Vishy Anand Arena"]
[Date "2020.08.01"]
[Round "5"]
[White "Swayham"]
[Black "Virgog"]
[Result "1-0"]
[WhiteElo "1915"]
[BlackElo "1509"]
[PlyCount "57"]
[EventDate "2020.08.01"]
[EventType "swiss (blitz)"]

1. e4 e5 2. Nf3 Nc6 3. Bb5 a6 4. Ba4 b5 5. Bb3 Nf6 6. d3 d6 7. c3 Be7 8. O-O O-O 9. Nbd2 Bb7 10. Re1 Nb8 11. Nf1 Nbd7 12. Ng3 Ne8 13. Nf5 g6 14. Nh6+ Kg7 15. Ng4 Rh8 16. Bh6+ Kg8 17. h3 Bf8 18. Ng5 Bxh6 19. Nxh6+ Kg7 20. Nhxf7 Qf6 21. Nxh8 Qxg5 22. Nf7 Qf6 23. Qg4 c5 24. Qxd7 Bc8 25. Qxe8 Bxh3 26. Qxa8 Qg5 27. Nxg5 Bxg2 28. Kxg2 h6 29. Qg8+ 1-0

[Event "Knighthood Blitz"]
[Site "Vishy Anand Arena"]
[Date "2020.08.01"]
[Round "5"]
[White "NIKiler"]
[Black "Visakh"]
[Result "0-1"]
[WhiteElo "1907"]
[BlackElo "2475"]
[Annotator "TA"]
[PlyCount "70"]
[EventDate "2020.08.01"]
[EventType "swiss (blitz)"]

1. d4 Nf6 2. Bf4 d5 3. e3 e6 4. Nf3 c5 5. c3 Nc6 6. Nbd2 Bd6 7. Bxd6 Qxd6 8. Bd3 O-O 9. O-O e5 10. dxe5 Nxe5 11. Nxe5 Qxe5 12. Nf3 Qe7 13. Qa4 h6 14. Qh4 Re8 15. Rad1 Bd7 16. h3 Rad8 17. Rfe1 Bc6 18. Qf4 b6 19. Bb1 Rd6 20. b4 Re6 21. bxc5 bxc5 22. c4 dxc4 23. Qxc4 Bxf3 24. gxf3 Re5 25. f4 Rh5 26. Rc1 Qd7 27. f5 Rg5+ 28. Kf1 Qb7 29. e4 Qc7 30. e5 Rxe5 31. Rxe5 Qxe5 32. f4 Rxf5 33. Bxf5 Qxf5 34. Kf2 Qxh3 35. Qxc5 Ne4+ 0-1

[Event "Knighthood Blitz"]
[Site "Vishy Anand Arena"]
[Date "2020.08.01"]
[Round "5"]
[White "kingofall"]
[Black "ThakurUdaiveer"]
[Result "1-0"]
[WhiteElo "1904"]
[BlackElo "1244"]
[PlyCount "33"]
[EventDate "2020.08.01"]
[EventType "swiss (blitz)"]

1. e4 c5 2. Nf3 d6 3. d4 cxd4 4. Nxd4 Nf6 5. Nc3 a6 6. Be3 e6 7. f3 Be7 8. Qd2 O-O 9. O-O-O Nbd7 10. a3 Qc7 11. g4 h6 12. h4 b5 13. g5 hxg5 14. hxg5 Nh7 15. Qh2 Ndf6 16. gxf6 Nxf6 17. Qh8# 1-0

[Event "Knighthood Blitz"]
[Site "Vishy Anand Arena"]
[Date "2020.08.01"]
[Round "5"]
[White "Rishila"]
[Black "Sohamshirode28"]
[Result "1-0"]
[WhiteElo "1864"]
[BlackElo "1512"]
[Annotator "NA"]
[PlyCount "59"]
[EventDate "2020.08.01"]
[EventType "swiss (blitz)"]

1. d4 Nf6 2. Bf4 g6 3. e3 Bg7 4. h3 O-O 5. c4 d6 6. Nc3 Nbd7 7. Nf3 Re8 8. Bh2 c6 9. Bd3 Qb6 10. Qc2 e5 11. O-O exd4 12. exd4 Qc7 13. c5 Re6 14. cxd6 Qb6 15. Na4 Qa5 16. a3 b5 17. b4 Qd8 18. Nc5 Nd5 19. Nxe6 fxe6 20. Rfe1 Nb8 21. Ne5 Bxe5 22. Bxe5 Nd7 23. Qxc6 Nxe5 24. dxe5 Rb8 25. Bxb5 a6 26. Ba4 Bb7 27. Qc2 Qb6 28. Rac1 Rc8 29. Qe2 Kg7 30. Qg4 1-0

[Event "Knighthood Blitz"]
[Site "Vishy Anand Arena"]
[Date "2020.08.01"]
[Round "5"]
[White "thor_attack"]
[Black "Shikhar karn"]
[Result "1-0"]
[WhiteElo "1849"]
[BlackElo "1490"]
[Annotator "NA"]
[PlyCount "59"]
[EventDate "2020.08.01"]
[EventType "swiss (blitz)"]

1. e4 e5 2. Nf3 Nf6 3. Nxe5 Nc6 4. Nxc6 dxc6 5. Nc3 Bc5 6. Bc4 Qd5 7. exd5 O-O 8. O-O cxd5 9. Be2 d4 10. Na4 Bd6 11. c3 b5 12. Bxb5 dxc3 13. Nxc3 a6 14. Bc6 Rb8 15. Qc2 Rb6 16. Bf3 Bg4 17. Bxg4 Nxg4 18. d4 Bxh2+ 19. Kh1 Rh6 20. Bxh6 gxh6 21. Qf5 h5 22. f3 Ne3 23. Qg5+ Kh8 24. Qxe3 Bd6 25. Ne4 Be7 26. Nc5 Bd6 27. Qh6 Rg8 28. Rae1 Bg3 29. Re7 Bd6 30. Rxf7 1-0

[Event "Knighthood Blitz"]
[Site "Vishy Anand Arena"]
[Date "2020.08.01"]
[Round "5"]
[White "Vishveshk"]
[Black "Indrajeet4ever"]
[Result "1-0"]
[WhiteElo "1837"]
[BlackElo "1505"]
[Annotator "NA"]
[PlyCount "59"]
[EventDate "2020.08.01"]
[EventType "swiss (blitz)"]

1. e4 e5 2. Nc3 Nf6 3. f4 exf4 4. e5 Ng8 5. Nf3 d6 6. Bc4 dxe5 7. Nxe5 Nh6 8. Qe2 Qe7 9. Nd5 Qd6 10. Ng6+ Be6 11. Nxh8 Be7 12. Nxe7 Qxe7 13. Bxe6 Qxe6 14. Qxe6+ fxe6 15. d4 Nd7 16. Bxf4 O-O-O 17. Bxh6 gxh6 18. Nf7 Rg8 19. O-O Rg6 20. Ne5 Nxe5 21. dxe5 Kd7 22. Rad1+ Ke7 23. Rd2 c6 24. Rfd1 b5 25. Rd7+ Ke8 26. Rxh7 a5 27. Rdd7 a4 28. Ra7 Rxg2+ 29. Kxg2 Kf8 30. Ra8# 1-0

[Event "Knighthood Blitz"]
[Site "Vishy Anand Arena"]
[Date "2020.08.01"]
[Round "5"]
[White "Krithigga2001"]
[Black "BIGIL"]
[Result "0-1"]
[WhiteElo "1828"]
[BlackElo "1965"]
[Annotator "NA"]
[PlyCount "86"]
[EventDate "2020.08.01"]
[EventType "swiss (blitz)"]

1. c4 Nf6 2. g3 g6 3. Bg2 Bg7 4. Nf3 O-O 5. O-O d6 6. Nc3 e5 7. d3 Nc6 8. Bg5 h6 9. Bd2 Ne8 10. a3 a5 11. Rb1 f5 12. Nd5 g5 13. b4 axb4 14. axb4 Be6 15. b5 Bxd5 16. cxd5 Ne7 17. e4 f4 18. Ne1 Ng6 19. Qg4 Kh7 20. Qe2 Qd7 21. f3 h5 22. b6 c6 23. dxc6 bxc6 24. Nc2 Nf6 25. Qf2 g4 26. b7 Rab8 27. Qa7 h4 28. gxf4 exf4 29. Bxf4 Nxf4 30. Nd4 gxf3 31. Bxf3 Bh6 32. e5 N6d5 33. e6 Qg7+ 34. Kh1 Nxd3 35. Be4+ Kh8 36. Rxf8+ Qxf8 37. Bxd3 Be3 38. Nxc6 Bxa7 39. Nxa7 Qf3+ 40. Kg1 Qxd3 41. Kg2 Qxb1 42. Nc6 Qxb7 43. Nxb8 Qxb8 0-1

[Event "Knighthood Blitz"]
[Site "Vishy Anand Arena"]
[Date "2020.08.01"]
[Round "5"]
[White "samjrao"]
[Black "Shubham37908"]
[Result "0-1"]
[WhiteElo "1807"]
[BlackElo "1460"]
[Annotator "NA"]
[PlyCount "28"]
[EventDate "2020.08.01"]
[EventType "swiss (blitz)"]

1. e4 e5 2. Nf3 Nc6 3. Bc4 h6 4. O-O Nf6 5. d4 exd4 6. e5 Ng8 7. Nxd4 d6 8. e6 fxe6 9. Qh5+ Ke7 10. Nxe6 Bxe6 11. Bxe6 Qe8 12. Re1 Ne5 13. Qxe8+ Rxe8 14. Bb3 Nf6 0-1

[Event "Knighthood Blitz"]
[Site "Vishy Anand Arena"]
[Date "2020.08.01"]
[Round "5"]
[White "Twobrothers"]
[Black "Fighter64"]
[Result "0-1"]
[WhiteElo "1806"]
[BlackElo "2311"]
[Annotator "NA"]
[PlyCount "72"]
[EventDate "2020.08.01"]
[EventType "swiss (blitz)"]

1. e4 c5 2. Nf3 Nc6 3. d4 cxd4 4. Nxd4 Nf6 5. Nc3 d6 6. g3 g6 7. Bg2 Bd7 8. O-O Bg7 9. Re1 O-O 10. h3 Rc8 11. Be3 a6 12. a4 Ne5 13. Nb3 Nc4 14. Bc1 Qc7 15. Qd3 b5 16. axb5 axb5 17. Nd2 Ne5 18. Qe2 b4 19. Nd5 Nxd5 20. exd5 Qxc2 21. Be4 Qc7 22. Bg2 Qb7 23. Ne4 Bb5 24. Qd1 Nd3 25. Re3 Nxb2 26. Bxb2 Bxb2 27. Rb1 Ba3 28. Qd4 Rc4 29. Qd2 Rfc8 30. Bf1 Rc1 31. Rxc1 Bxc1 32. Qxb4 Bxe3 33. fxe3 Rc1 34. Nd2 Qxd5 35. Qb2 Rd1 36. e4 Qc5+ 0-1

[Event "Knighthood Blitz"]
[Site "Vishy Anand Arena"]
[Date "2020.08.01"]
[Round "5"]
[White "Babykandy"]
[Black "michaelraj_98"]
[Result "0-1"]
[WhiteElo "1792"]
[BlackElo "1977"]
[Annotator "NA"]
[PlyCount "136"]
[EventDate "2020.08.01"]
[EventType "swiss (blitz)"]

1. d4 Nf6 2. Bf4 e6 3. e3 d5 4. Nf3 Bd6 5. Bg3 O-O 6. Bd3 c5 7. c3 Nc6 8. Ne5 Bxe5 9. dxe5 Nd7 10. f4 Qe7 11. O-O f6 12. Bh4 Qf7 13. Qc2 Qh5 14. Bg3 fxe5 15. fxe5 Rxf1+ 16. Bxf1 Ndxe5 17. Nd2 Bd7 18. Nb3 b6 19. Be2 Qg6 20. Qxg6 Nxg6 21. Rf1 Rf8 22. Rxf8+ Kxf8 23. Bb5 Ke7 24. Nd2 Nce5 25. Bxd7 Nxd7 26. Nf3 h6 27. Nh4 Nxh4 28. Bxh4+ Kd6 29. Bg3+ e5 30. Kf1 Nf6 31. Ke2 Ne4 32. Bh4 Ke6 33. Bd8 Nd6 34. b3 Nf5 35. Bc7 Nd6 36. Bb8 a6 37. Ba7 Nc8 38. Bb8 d4 39. cxd4 exd4 40. exd4 cxd4 41. Kd3 Kd5 42. Bg3 Ne7 43. Bc7 b5 44. g4 Nc6 45. a3 Ne5+ 46. Bxe5 Kxe5 47. b4 g5 48. h3 Kd5 49. Kd2 Kc4 50. Kc2 d3+ 51. Kd2 Kd4 52. Kd1 Kc3 53. Kc1 Kb3 54. Kd2 Kxa3 55. Kxd3 Kxb4 56. Ke4 a5 57. Kf5 a4 58. Kg6 a3 59. Kxh6 a2 60. Kxg5 a1=Q 61. h4 Qg7+ 62. Kf4 Kc5 63. Kg3 b4 64. h5 b3 65. Kh4 b2 66. g5 b1=Q 67. h6 Qe4+ 68. Kh5 Qgg6# 0-1

[Event "Knighthood Blitz"]
[Site "Vishy Anand Arena"]
[Date "2020.08.01"]
[Round "5"]
[White "Beastmaari"]
[Black "Shiv01"]
[Result "0-1"]
[WhiteElo "1785"]
[BlackElo "2030"]
[Annotator "NA"]
[PlyCount "98"]
[EventDate "2020.08.01"]
[EventType "swiss (blitz)"]

1. d4 Nf6 2. Nf3 e6 3. Bf4 b6 4. e3 Bb7 5. Bd3 Be7 6. Nbd2 d6 7. c3 Nbd7 8. Qe2 c5 9. O-O cxd4 10. exd4 Nd5 11. Bg3 N7f6 12. Ne4 Nh5 13. Bb5+ Kf8 14. Ned2 a6 15. Ba4 b5 16. Bc2 g6 17. Rfe1 Kg7 18. Nf1 Re8 19. a4 Bc6 20. axb5 axb5 21. Rxa8 Qxa8 22. Qd2 Nb6 23. Bd1 Nc4 24. Qc2 Nxg3 25. Nxg3 Qa7 26. b3 Nb6 27. Qd3 Qa5 28. h4 Bd5 29. h5 Rc8 30. Qe3 Qxc3 31. h6+ Kg8 32. Qxc3 Rxc3 33. Be2 Rxb3 34. Ra1 Bf8 35. Ra6 Nc4 36. Ra7 Bxh6 37. Rc7 Rb1+ 38. Kh2 Bf4 39. Rc8+ Kg7 40. Rc7 h5 41. Kh3 e5 42. dxe5 dxe5 43. Bxc4 bxc4 44. Rd7 Be6+ 45. Nf5+ Bxf5+ 46. g4 Bxd7 47. Kg2 hxg4 48. Nxe5 Bxe5 49. f3 Bc6 0-1

[Event "Knighthood Blitz"]
[Site "Vishy Anand Arena"]
[Date "2020.08.01"]
[Round "5"]
[White "Arunava"]
[Black "Sonubist"]
[Result "1-0"]
[WhiteElo "1755"]
[BlackElo "1482"]
[Annotator "NA"]
[PlyCount "33"]
[EventDate "2020.08.01"]
[EventType "swiss (blitz)"]

1. d4 d5 2. c4 c6 3. Nf3 e6 4. e3 Nd7 5. Qc2 Bb4+ 6. Bd2 Bxd2+ 7. Nbxd2 Ne7 8. Bd3 O-O 9. Bxh7+ Kh8 10. Bd3 Nf6 11. h4 Bd7 12. h5 Neg8 13. O-O-O Nh6 14. Ne5 Be8 15. Rdg1 Qa5 16. Kb1 c5 17. Nb3 1-0

[Event "Knighthood Blitz"]
[Site "Vishy Anand Arena"]
[Date "2020.08.01"]
[Round "5"]
[White "davidcheetah"]
[Black "Debashisdas"]
[Result "0-1"]
[WhiteElo "1739"]
[BlackElo "2391"]
[PlyCount "92"]
[EventDate "2020.08.01"]
[EventType "swiss (blitz)"]

1. d4 Nf6 2. Nf3 e6 3. Bg5 d5 4. Nbd2 h6 5. Bh4 c5 6. e3 Nbd7 7. c3 b6 8. Bg3 Bb7 9. Be2 Be7 10. Ne5 Nxe5 11. Bxe5 O-O 12. O-O Bd6 13. Nf3 Bxe5 14. Nxe5 Nd7 15. Nf3 Qe7 16. Bb5 Nf6 17. Ne5 Rac8 18. h3 a6 19. Ba4 Rfd8 20. Bc2 b5 21. a3 Nd7 22. Nf3 e5 23. Re1 e4 24. Nh2 Rc6 25. Qh5 Rg6 26. f4 cxd4 27. cxd4 Rc6 28. Bd1 Nf6 29. Qe2 Rdc8 30. Bb3 b4 31. a4 a5 32. Rad1 Ba6 33. Qf2 Bc4 34. Bxc4 Rxc4 35. Rd2 b3 36. Ng4 Nxg4 37. hxg4 Rxa4 38. Qg3 Rac4 39. g5 hxg5 40. fxg5 Rc2 41. Ree2 Rxd2 42. Rxd2 Rc2 43. Qf2 Qxg5 44. Rxc2 bxc2 45. Qxc2 Qxe3+ 46. Kh2 Qf4+ 0-1

[Event "Knighthood Blitz"]
[Site "Vishy Anand Arena"]
[Date "2020.08.01"]
[Round "5"]
[White "Bennyjoseph"]
[Black "Adityass"]
[Result "0-1"]
[WhiteElo "1732"]
[BlackElo "2200"]
[PlyCount "66"]
[EventDate "2020.08.01"]
[EventType "swiss (blitz)"]

1. e4 c5 2. Nf3 d6 3. d4 cxd4 4. Nxd4 Nf6 5. Nc3 Nc6 6. Nxc6 bxc6 7. Bd3 g6 8. O-O Bg7 9. Ne2 O-O 10. c4 Nd7 11. Ng3 Ne5 12. Qc2 Nxd3 13. Qxd3 Rb8 14. b3 Bxa1 15. Bh6 Bg7 16. Bxg7 Kxg7 17. Qc3+ f6 18. Rd1 Qb6 19. e5 fxe5 20. Qd2 Bf5 21. Nxf5+ Rxf5 22. g4 Rf4 23. Qe2 Rbf8 24. Rd2 Rxf2 25. Qxf2 Rxf2 26. Rxf2 Qd4 27. Kg2 Qxg4+ 28. Kf1 Qd1+ 29. Kg2 e4 30. c5 d5 31. b4 e3 32. Rf7+ Kxf7 33. b5 e2 0-1

[Event "Knighthood Blitz"]
[Site "Vishy Anand Arena"]
[Date "2020.08.01"]
[Round "5"]
[White "Lazylemon123"]
[Black "Chessworld1"]
[Result "0-1"]
[WhiteElo "1731"]
[BlackElo "2511"]
[Annotator "NA"]
[PlyCount "60"]
[EventDate "2020.08.01"]
[EventType "swiss (blitz)"]

1. e4 g6 2. Nf3 Bg7 3. Bc4 e6 4. Nc3 Ne7 5. a3 b6 6. d3 Bb7 7. Bd2 h6 8. Qe2 d6 9. Be3 Nd7 10. Bd2 a6 11. h3 b5 12. Ba2 c5 13. Qd1 g5 14. Be3 Ng6 15. Qd2 Qe7 16. g3 Nge5 17. Nxe5 Nxe5 18. f4 Nf3+ 19. Kd1 Nxd2 20. Kxd2 gxf4 21. Bxf4 O-O-O 22. Rag1 Be5 23. Be3 f5 24. exf5 Bxh1 25. Rxh1 exf5 26. h4 Bxg3 27. Rg1 f4 28. Ke2 Qxe3+ 29. Kd1 Qxg1+ 30. Kd2 Qe1# 0-1

[Event "Knighthood Blitz"]
[Site "Vishy Anand Arena"]
[Date "2020.08.01"]
[Round "5"]
[White "Thee_Riddler"]
[Black "Anandfan"]
[Result "1-0"]
[WhiteElo "1720"]
[BlackElo "1852"]
[Annotator "NA"]
[PlyCount "101"]
[EventDate "2020.08.01"]
[EventType "swiss (blitz)"]

1. e4 e5 2. Nf3 Nf6 3. Nxe5 d6 4. Nf3 Nxe4 5. Nc3 Nxc3 6. dxc3 Be7 7. Bf4 Nc6 8. Qd2 Be6 9. Bd3 Qd7 10. O-O-O O-O-O 11. Kb1 Bf6 12. Be3 a6 13. Rhe1 Ne5 14. Nxe5 dxe5 15. Qe2 Kb8 16. Bxa6 Qa4 17. a3 Qxa6 18. Qf3 Qc6 19. Qe2 Qc4 20. Qxc4 Bxc4 21. f4 exf4 22. Bxf4 Rhe8 23. g4 Kc8 24. g5 Be7 25. h4 Rxd1+ 26. Rxd1 Rd8 27. Re1 Be6 28. Be5 f6 29. Bd4 Kd7 30. Rd1 Ke8 31. Re1 Kf7 32. gxf6 Bxf6 33. Rf1 h5 34. b3 Bg4 35. Kb2 b6 36. b4 Rd5 37. Rf4 Kg6 38. Bxf6 gxf6 39. Rc4 Rd7 40. Kb3 Be6 41. b5 Bxc4+ 42. Kxc4 Kf5 43. Kb4 Ke6 44. c4 Kd6 45. c3 Rg7 46. a4 Rg4 47. a5 bxa5+ 48. Kxa5 Kc5 49. b6 Rxc4 50. bxc7 Kd5 51. c8=Q 1-0

[Event "Knighthood Blitz"]
[Site "Vishy Anand Arena"]
[Date "2020.08.01"]
[Round "5"]
[White "ElectroWizzard"]
[Black "ABCD64"]
[Result "1-0"]
[WhiteElo "1699"]
[BlackElo "1630"]
[Annotator "NA"]
[PlyCount "75"]
[EventDate "2020.08.01"]
[EventType "swiss (blitz)"]

1. e4 e6 2. d4 d5 3. e5 c5 4. c3 Qb6 5. Nf3 Nc6 6. a3 c4 7. Nbd2 Na5 8. Be2 Bd7 9. a4 h6 10. O-O Ne7 11. b4 cxb3 12. Bb2 Rc8 13. h3 Ng6 14. Bd3 Nf4 15. Bb1 Be7 16. Kh2 g5 17. g3 Nh5 18. Qe2 Ng7 19. Ne1 h5 20. f4 g4 21. h4 Nf5 22. Bxf5 exf5 23. Qg2 Be6 24. Nd3 Nc4 25. a5 Qb5 26. Rfb1 O-O 27. Nb4 Bxb4 28. cxb4 Qxb4 29. Nxc4 Rxc4 30. Ba3 Qb5 31. Rb2 Rfc8 32. Bc5 R8xc5 33. dxc5 Qxc5 34. Rab1 Rc2 35. Rxc2 bxc2 36. Rc1 Qxa5 37. Qxc2 d4 38. Qc5 1-0

[Event "Knighthood Blitz"]
[Site "Vishy Anand Arena"]
[Date "2020.08.01"]
[Round "5"]
[White "Samay Raina"]
[Black "HarshPandit"]
[Result "0-1"]
[WhiteElo "1682"]
[BlackElo "1606"]
[Annotator "NA"]
[PlyCount "52"]
[EventDate "2020.08.01"]
[EventType "swiss (blitz)"]

1. c4 c5 2. Nc3 Nc6 3. Nf3 Nf6 4. d4 e6 5. d5 exd5 6. cxd5 Ne7 7. e4 d6 8. Bg5 Ng6 9. Bb5+ Bd7 10. a4 Be7 11. O-O O-O 12. Re1 h6 13. Bxf6 Bxf6 14. Ne2 Bxb2 15. Rb1 Bf6 16. Ng3 Bxb5 17. Rxb5 b6 18. Qb3 Re8 19. Ra1 Rb8 20. Ra2 Be5 21. Nxe5 Rxe5 22. Rb2 Rc8 23. a5 bxa5 24. Rxa5 Qxa5 25. Qb7 Ree8 26. Nf5 Qe1# 0-1

[Event "Knighthood Blitz"]
[Site "Vishy Anand Arena"]
[Date "2020.08.01"]
[Round "5"]
[White "Ishan2559"]
[Black "Sohammdh"]
[Result "0-1"]
[WhiteElo "1666"]
[BlackElo "1524"]
[Annotator "NA"]
[PlyCount "82"]
[EventDate "2020.08.01"]
[EventType "swiss (blitz)"]

1. e4 c5 2. Nf3 d6 3. d4 cxd4 4. Nxd4 Nf6 5. Nc3 a6 6. Be2 e5 7. Nb3 Be7 8. O-O O-O 9. Bg5 Be6 10. f4 Nbd7 11. Rc1 b5 12. Bf3 Rc8 13. f5 Bxb3 14. axb3 Nc5 15. Be3 b4 16. Bxc5 d5 17. Bxe7 Qxe7 18. Nxd5 Nxd5 19. Qxd5 Rfd8 20. Qa5 Qa7+ 21. Kh1 h6 22. Qxb4 Rd4 23. Qe1 Rcd8 24. h3 Qc5 25. c3 Rd2 26. Rf2 Rxf2 27. b4 Qa7 28. c4 Rxb2 29. Qc3 Qd4 30. Qa3 Rd2 31. Qxa6 Rd3 32. c5 Qe3 33. Qa1 Qf4 34. b5 Rxf3 35. gxf3 Qxf3+ 36. Kg1 Qg3+ 37. Kh1 Qxh3+ 38. Kg1 Qg3+ 39. Kh1 Rd2 40. Qa8+ Kh7 41. Rg1 Qh2# 0-1

[Event "Knighthood Blitz"]
[Site "Vishy Anand Arena"]
[Date "2020.08.01"]
[Round "5"]
[White "hussaini786"]
[Black "Thrish"]
[Result "1-0"]
[WhiteElo "1662"]
[BlackElo "1897"]
[Annotator "NA"]
[PlyCount "81"]
[EventDate "2020.08.01"]
[EventType "swiss (blitz)"]

1. e4 e6 2. d4 c5 3. Nf3 cxd4 4. Nxd4 a6 5. c4 Nf6 6. f3 Qc7 7. Nc3 b6 8. Nb3 Bb7 9. Be3 Bb4 10. Rc1 d5 11. cxd5 exd5 12. exd5 Nxd5 13. Bd2 Qe7+ 14. Be2 Nxc3 15. Bxc3 Bd6 16. O-O O-O 17. Bd3 Rd8 18. Qc2 h6 19. Rce1 Qg5 20. Be4 Bxe4 21. Qxe4 Ra7 22. Nd4 Re7 23. Qf5 Qh4 24. g3 Qg5 25. Rxe7 Bxe7 26. Qe4 Bf6 27. f4 Qc5 28. Rd1 b5 29. a3 a5 30. Kg2 b4 31. Nb3 Qb6 32. Bxf6 Rxd1 33. Qe8+ Kh7 34. Be5 Qg1+ 35. Kh3 Qf1+ 36. Kh4 Qf2 37. Qxf7 Qxh2+ 38. Kg4 h5+ 39. Kf5 Qh3+ 40. Kg5 Re1 41. Qxg7# 1-0